000
00245nam a2200097Ia 4500
001
648227
005
20250826153717.0
008
250824s9999 xx 000 0 und d
245
0
_a
PERCY JACKSON 3 TİTAN IN LANETİ
_c
RICK RIORDAN
260
_b
DOĞAN
999
_c
648227
_d
648227